USA quiz - Statistics

General Stats
  • This quiz has been taken 327 times
    302 since last reset
  • The average score is 5 of 7
Answer Stats
Hint Answer % Correct
Name the belligerents in the American civil war United States
98%
How many states consists the United States of? 50
95%
What is the capital? Washington D.C
93%
What does USA mean? United States of America
89%
Who is the current president? Barack Hussein Obama
75%
When was the Declaration of Independence issued? 1776
60%
Confederate States
11%
No matching quizzes found
Score Distribution
Percent of People with Each Score
Percentile by Number Answered
Your Score History
You have not taken this quiz since the last reset